| 000 | 00506 a2200181 4500 | ||
|---|---|---|---|
| 020 | _a0-486-24061-4 | ||
| 040 |
_aDLC _bDLC |
||
| 082 | _a003.54 | ||
| 082 | _a003.54 | ||
| 100 | 1 | _aPierce, John R. | |
| 245 | 0 | 3 |
_aAn introduction to information theory: symbols, signals & noise _bsymbols, signals & noise _cPierce, John R. |
| 250 | _a2., rev. ed. | ||
| 260 |
_aNew York : _bDover, _c1980 |
||
| 300 | _a305 s. | ||
| 650 | 0 | _aInformation theory. | |
| 650 | 0 | _aInformationsteori | |
| 942 |
_cBK _k003.54 PIE _2ddc |
||
| 999 |
_c4935 _d4935 |
||